[Event "34 Open Internacional Ciudad de San Seba"]
[Site "Donostia-San Sebastian"]
[Date "2011.04.19"]
[Round "4"]
[White "Hilarius, Sander"]
[Black "Trepat Herranz, Joan"]
[Result "0-1"]
[WhiteElo "2096"]
[BlackElo "2343"]
[PlyCount "80"]
[EventDate "2011.04.16"]
[EventRounds "9"]
[EventCountry "ESP"]

1. d4 d5 2. c4 c6 3. Nf3 Nf6 4. Nc3 e6 5. Bg5 h6 6. Bh4 dxc4 7. e4 g5 8. Bg3 b5
9. e5 Nd5 10. Nd2 h5 11. h4 g4 12. Be2 Bb7 13. Nde4 Nd7 14. O-O Qb6 15. a4 a5
16. axb5 cxb5 17. Nxd5 Bxd5 18. Nc3 Bb7 19. f3 O-O-O 20. fxg4 Nc5 21. Bf2 hxg4
22. Bxg4 Nd3 23. Bf3 Nxf2 24. Bxb7+ Kxb7 25. Qf3+ Kb8 26. Qxf2 Be7 27. Rfd1
Rxh4 28. g3 Rhxd4 29. Rxd4 Rxd4 30. Rxa5 Bc5 31. Rxb5 Qxb5 32. Nxb5 Rd1+ 33.
Kg2 Bxf2 34. Kxf2 Rd5 35. Nd6 Rxe5 36. Nxc4 Rc5 37. Ne3 Rb5 38. Nc4 Rb4 39. Nd6
f5 40. Kf3 Kc7 0-1

[Event "34 Open Internacional Ciudad de San Seba"]
[Site "Donostia-San Sebastian"]
[Date "2011.04.19"]
[Round "4"]
[White "Abello, Sebastien"]
[Black "Bottema, Martin"]
[Result "1/2-1/2"]
[WhiteElo "2337"]
[BlackElo "2074"]
[PlyCount "50"]
[EventDate "2011.04.16"]
[EventRounds "9"]
[EventCountry "ESP"]

1. d4 d5 2. c4 c6 3. Nf3 Nf6 4. e3 Bf5 5. Nc3 e6 6. Nh4 Bg6 7. Be2 Nbd7 8. O-O
Be7 9. g3 O-O 10. Nxg6 hxg6 11. b3 Bb4 12. Bb2 Qa5 13. Qc2 Ba3 14. Rad1 Bxb2
15. Qxb2 Qc7 16. Bf3 Nb6 17. Qe2 a5 18. Bg2 Qe7 19. Qd3 Rfd8 20. f4 c5 21. Nb5
a4 22. Qe2 axb3 23. axb3 Rdc8 24. cxd5 exd5 25. h3 c4 1/2-1/2

[Event "34 Open Internacional Ciudad de San Seba"]
[Site "Donostia-San Sebastian"]
[Date "2011.04.19"]
[Round "4"]
[White "Martin Alvarez, Inigo"]
[Black "Newrkla, Katharina"]
[Result "1-0"]
[WhiteElo "2316"]
[BlackElo "2055"]
[PlyCount "75"]
[EventDate "2011.04.16"]
[EventRounds "9"]
[EventCountry "ESP"]

1. e4 c5 2. Nf3 d6 3. d4 cxd4 4. Qxd4 a6 5. Be3 Nc6 6. Qd2 Nf6 7. Nc3 b5 8.
O-O-O Qa5 9. Kb1 Bb7 10. Bg5 e6 11. e5 b4 12. exf6 bxc3 13. fxg7 Bxg7 14. Qxd6
Qb4 15. Qxb4 Nxb4 16. b3 Be4 17. Ne1 f6 18. Bc1 f5 19. Bc4 Bd5 20. Bxd5 Nxd5
21. Nd3 Kf7 22. Nf4 Rhd8 23. a3 Nxf4 24. Bxf4 e5 25. Bg5 Bf6 26. Bxf6 Kxf6 27.
Rd3 Rxd3 28. cxd3 Ke6 29. Kc2 Rc8 30. b4 Kd5 31. a4 Kd4 32. Rb1 Rg8 33. g3 f4
34. Re1 fxg3 35. Re4+ Kd5 36. fxg3 Rc8 37. Rh4 Rc7 38. Rh6 1-0

[Event "34 Open Internacional Ciudad de San Seba"]
[Site "Donostia-San Sebastian"]
[Date "2011.04.19"]
[Round "4"]
[White "Rabin, Evan Z"]
[Black "Lillo Castay, Victor"]
[Result "1/2-1/2"]
[WhiteElo "2035"]
[BlackElo "2281"]
[PlyCount "51"]
[EventDate "2011.04.16"]
[EventRounds "9"]
[EventCountry "ESP"]

1. e4 c5 2. Nf3 d6 3. Bb5+ Nd7 4. d4 Ngf6 5. Nc3 a6 6. Bxd7+ Nxd7 7. O-O e6 8.
Bg5 Qc7 9. Re1 cxd4 10. Qxd4 Ne5 11. Na4 f6 12. Nb6 Rb8 13. Nxe5 dxe5 14. Qa4+
Kf7 15. Be3 Bc5 16. Qa5 Bxe3 17. Rxe3 Bd7 18. Rd1 Bc6 19. Qc5 Rbd8 20. Red3
Rxd3 21. Rxd3 Rd8 22. Nc4 Rxd3 23. cxd3 Ke8 24. Kf1 Qe7 25. Qb6 Qd8 26. Qb3
1/2-1/2

[Event "34 Open Internacional Ciudad de San Seba"]
[Site "Donostia-San Sebastian"]
[Date "2011.04.19"]
[Round "4"]
[White "Velten, Paul"]
[Black "Alonso Aranzabal, Inigo"]
[Result "1-0"]
[WhiteElo "2281"]
[BlackElo "2052"]
[PlyCount "87"]
[EventDate "2011.04.16"]
[EventRounds "9"]
[EventCountry "ESP"]

1. d4 Nf6 2. Nf3 g6 3. c4 Bg7 4. Nc3 O-O 5. e4 d6 6. Be3 c5 7. h3 a6 8. Be2 b5
9. e5 dxe5 10. dxe5 Nfd7 11. Qd5 Qb6 12. Qxa8 Bb7 13. Nd5 Bxa8 14. Nxb6 Nxb6
15. cxb5 axb5 16. Bxc5 N8d7 17. Bxb6 Nxb6 18. Bxb5 Rc8 19. O-O Bxf3 20. gxf3
Bxe5 21. Rab1 Rc2 22. Rfe1 Bxb2 23. Rxe7 Ba3 24. Re2 Rc5 25. Rb3 Rg5+ 26. Kf1
Bd6 27. Rd2 Bc5 28. Bc6 Nc4 29. Rd7 Rf5 30. Rb5 Na3 31. Rb8+ Kg7 32. Rd5 Rxd5
33. Bxd5 Be7 34. Rb7 Kf8 35. Bb3 h5 36. Ke2 f5 37. Kd3 f4 38. Bd5 g5 39. Kc3
Bc5 40. Kb2 h4 41. Rb3 Ke7 42. Rxa3 Bxa3+ 43. Kxa3 Kd6 44. Bb7 1-0

[Event "34 Open Internacional Ciudad de San Seba"]
[Site "Donostia-San Sebastian"]
[Date "2011.04.19"]
[Round "4"]
[White "Prosviriakov, Vladimir"]
[Black "Roldan Riaga, Roberto"]
[Result "1-0"]
[WhiteElo "2254"]
[BlackElo "2045"]
[PlyCount "69"]
[EventDate "2011.04.16"]
[EventRounds "9"]
[EventCountry "ESP"]

1. d4 e6 2. Nf3 d5 3. e3 Nf6 4. Bd3 c5 5. b3 Be7 6. O-O O-O 7. Bb2 Nc6 8. c4
cxd4 9. exd4 b6 10. Nbd2 Bb7 11. Rc1 Rc8 12. Qe2 Re8 13. Rfd1 Qd6 14. Ne5 dxc4
15. Ndxc4 Qb8 16. Bb1 Nb4 17. a3 Nbd5 18. Nd3 Nf4 19. Nxf4 Qxf4 20. Qe5 Nd5 21.
Be4 Qxe5 22. dxe5 Red8 23. g3 h6 24. h4 Kf8 25. Bg2 Kg8 26. b4 Bc6 27. Bf1 Bb5
28. Nxb6 Rxc1 29. Bxc1 axb6 30. Bxb5 Rc8 31. Bd3 g6 32. Bxh6 g5 33. Bxg5 Bxg5
34. hxg5 Rc3 35. Be4 1-0

[Event "34 Open Internacional Ciudad de San Seba"]
[Site "Donostia-San Sebastian"]
[Date "2011.04.19"]
[Round "4"]
[White "Ibar, Marcelo"]
[Black "Tholey, Jean-Paul"]
[Result "1/2-1/2"]
[WhiteElo "2217"]
[BlackElo "2019"]
[PlyCount "57"]
[EventDate "2011.04.16"]
[EventRounds "9"]
[EventCountry "ESP"]

1. d4 Nf6 2. Nf3 e6 3. g3 c5 4. Bg2 Nc6 5. O-O d5 6. c4 dxc4 7. Qa4 Qa5 8. Qxa5
Nxa5 9. dxc5 Bxc5 10. Ne5 Bd4 11. Nf3 Bb6 12. Na3 Bd7 13. Bd2 Bc6 14. Rac1 O-O
15. Bxa5 Bxa5 16. Nxc4 Bc7 17. Nce5 Bxe5 18. Nxe5 Bxg2 19. Kxg2 Rac8 20. b4 Nd5
21. a3 Rfd8 22. Rfd1 f6 23. Nd3 b6 24. Nf4 Rxc1 25. Rxc1 Nxf4+ 26. gxf4 Rd7 27.
Rc8+ Kf7 28. Ra8 Ke7 29. Kf3 1/2-1/2

[Event "34 Open Internacional Ciudad de San Seba"]
[Site "Donostia-San Sebastian"]
[Date "2011.04.19"]
[Round "4"]
[White "Guijarro Galan, Jose Luis"]
[Black "Clement, Alexandre"]
[Result "1/2-1/2"]
[WhiteElo "2206"]
[BlackElo "1982"]
[PlyCount "108"]
[EventDate "2011.04.16"]
[EventRounds "9"]
[EventCountry "ESP"]

1. e4 c5 2. Nf3 e6 3. b4 cxb4 4. d4 Nc6 5. Bd3 d6 6. O-O Nf6 7. d5 Ne5 8. Nxe5
dxe5 9. c4 Bd6 10. Bb2 O-O 11. Nd2 Re8 12. Qc2 b6 13. Rae1 h6 14. Kh1 exd5 15.
exd5 Bd7 16. Re2 Qc7 17. Rfe1 Re7 18. f4 Rae8 19. fxe5 Bxe5 20. Nf3 Bd6 21.
Bxf6 Rxe2 22. Rxe2 Rxe2 23. Qxe2 gxf6 24. Qe4 f5 25. Qh4 Bf8 26. h3 a5 27. Qf6
Bg7 28. Qe7 Bf8 29. Qf6 a4 30. Ne5 Be8 31. Bxf5 Bg7 32. d6 Qb8 33. Qe7 Bxe5 34.
Qxe5 b3 35. axb3 axb3 36. Qe7 b2 37. Bb1 Qc8 38. Qe4 f5 39. Qd5+ Kf8 40. Qe5
Bd7 41. Qh8+ Kf7 42. Qh7+ Kf8 43. Qxh6+ Kg8 44. c5 bxc5 45. Qg6+ Kf8 46. Qf6+
Kg8 47. Qxb2 Qa6 48. Ba2+ Kh7 49. Qf2 Qxd6 50. Qh4+ Qh6 51. Qc4 Qg7 52. Qd5 Qe7
53. Qg8+ Kh6 54. Qh8+ Kg6 1/2-1/2

[Event "34 Open Internacional Ciudad de San Seba"]
[Site "Donostia-San Sebastian"]
[Date "2011.04.19"]
[Round "4"]
[White "Perrusset, Barbara"]
[Black "Pressman, Leif"]
[Result "0-1"]
[WhiteElo "1859"]
[BlackElo "2198"]
[PlyCount "92"]
[EventDate "2011.04.16"]
[EventRounds "9"]
[EventCountry "ESP"]

1. e4 Nf6 2. Nc3 e5 3. Nf3 Nc6 4. d4 exd4 5. Nxd4 Bb4 6. Nxc6 bxc6 7. Bd3 d5 8.
exd5 cxd5 9. O-O O-O 10. Bg5 c6 11. Qf3 Be7 12. Rfe1 Re8 13. h3 Rb8 14. Nd1 Be6
15. b3 h6 16. Bf4 Bd6 17. Bxd6 Qxd6 18. Ne3 a5 19. Nf5 Bxf5 20. Qxf5 g6 21. Qf3
Kg7 22. Rad1 Qa3 23. Rf1 c5 24. Qf4 Qb4 25. Qxb4 axb4 26. f3 Rb7 27. Rfe1 Ra8
28. Ra1 Rba7 29. a4 bxa3 30. Bb5 Ra5 31. Ba4 d4 32. Rxa3 c4 33. Rd1 d3 34. bxc4
dxc2 35. Rc1 Rxa4 36. Rxa4 Rxa4 37. Rxc2 Ra7 38. Kf2 Re7 39. c5 Kf8 40. g4 g5
41. Kg3 Rc7 42. h4 Nd7 43. hxg5 hxg5 44. f4 Rxc5 45. Rf2 Rc3+ 46. Kg2 Rc4 0-1

[Event "34 Open Internacional Ciudad de San Seba"]
[Site "Donostia-San Sebastian"]
[Date "2011.04.19"]
[Round "4"]
[White "Arana Garate, Jon"]
[Black "Nyysti, Sampsa"]
[Result "0-1"]
[WhiteElo "1924"]
[BlackElo "2365"]
[PlyCount "98"]
[EventDate "2011.04.16"]
[EventRounds "9"]
[EventCountry "ESP"]

1. d4 Nf6 2. c4 e6 3. Nf3 Bb4+ 4. Bd2 a5 5. Qc2 d5 6. e3 O-O 7. Bd3 b6 8. a3
Be7 9. O-O Ba6 10. b3 c5 11. Rd1 Nbd7 12. Bc3 cxd4 13. exd4 a4 14. Nbd2 axb3
15. Qxb3 dxc4 16. Nxc4 Bb7 17. Nfe5 Bd5 18. Qb2 Qc7 19. Ne3 Be4 20. Nxd7 Qxd7
21. Bxe4 Nxe4 22. d5 Nxc3 23. Qxc3 Bf6 24. Qc1 Rfc8 25. Qb1 Bxa1 26. Qxa1 Ra5
27. Qd4 Qd6 28. Qg4 f5 29. Qg5 h6 30. Qg6 Rxd5 31. Nxd5 Qxd5 32. Re1 Qe4 33.
Rd1 Qe2 34. Rf1 Rd8 35. h3 Rd1 36. Qe8+ Kh7 37. Rxd1 Qxd1+ 38. Kh2 Qd6+ 39. g3
Qxa3 40. Qxe6 Qc5 41. Kg1 b5 42. h4 b4 43. h5 Qb5 44. Qb3 Kh8 45. Kh2 f4 46. g4
Qe2 47. Qxb4 Qxf2+ 48. Kh1 Qh4+ 49. Kg1 Qxg4+ 0-1

[Event "34 Open Internacional Ciudad de San Seba"]
[Site "Donostia-San Sebastian"]
[Date "2011.04.19"]
[Round "4"]
[White "Navascues Zabaleta, Jesus"]
[Black "Bas Mas, Jose Joaquin"]
[Result "0-1"]
[WhiteElo "1799"]
[BlackElo "2150"]
[PlyCount "70"]
[EventDate "2011.04.16"]
[EventRounds "9"]
[EventCountry "ESP"]

1. e4 c5 2. Nf3 e6 3. d4 cxd4 4. Nxd4 Nf6 5. Nc3 Nc6 6. Ndb5 Bb4 7. a3 Bxc3+ 8.
Nxc3 d5 9. exd5 exd5 10. Bd3 O-O 11. O-O d4 12. Ne4 Bf5 13. Bg5 Bxe4 14. Bxe4
h6 15. Bxf6 Qxf6 16. Qf3 Qxf3 17. Bxf3 Ne5 18. Be4 Rac8 19. f4 Nc4 20. Rfd1
Rfd8 21. b3 Ne3 22. Rd2 f5 23. Bd3 Kf7 24. Re1 Kf6 25. Ree2 Rc3 26. h3 g5 27.
fxg5+ hxg5 28. Rf2 Ke5 29. Rde2 f4 30. Rd2 Rh8 31. Rf3 Rc6 32. Re2 Rch6 33. Kf2
g4 34. hxg4 Rh2 35. Ke1 Rh1+ 0-1

[Event "34 Open Internacional Ciudad de San Seba"]
[Site "Donostia-San Sebastian"]
[Date "2011.04.19"]
[Round "4"]
[White "Aranaz Portugues, Jose Carlos"]
[Black "Garrido Fernandez, David"]
[Result "1-0"]
[WhiteElo "2130"]
[BlackElo "1955"]
[PlyCount "55"]
[EventDate "2011.04.16"]
[EventRounds "9"]
[EventCountry "ESP"]

1. d4 f5 2. e4 fxe4 3. Nc3 Nf6 4. Bg5 e6 5. Nxe4 Be7 6. Bxf6 Bxf6 7. Qh5+ g6 8.
Qh6 d5 9. Nxf6+ Qxf6 10. Nf3 c5 11. O-O-O c4 12. h4 Qf8 13. Qe3 Nc6 14. Ng5 Qf6
15. Rh3 h6 16. Rf3 Qe7 17. Rf7 Qd6 18. Rh7 Rxh7 19. Nxh7 Bd7 20. Nf6+ Kd8 21.
Qxh6 Kc7 22. g3 b5 23. Bh3 Ne7 24. Nxd7 Kxd7 25. Re1 Nf5 26. Qxg6 Rf8 27. Qh7+
Qe7 28. Bxf5 1-0

[Event "34 Open Internacional Ciudad de San Seba"]
[Site "Donostia-San Sebastian"]
[Date "2011.04.19"]
[Round "4"]
[White "Perez Calahorra, Ricardo"]
[Black "Vyvyan, Philippe"]
[Result "1-0"]
[WhiteElo "2117"]
[BlackElo "1789"]
[PlyCount "109"]
[EventDate "2011.04.16"]
[EventRounds "9"]
[EventCountry "ESP"]

1. d4 d5 2. e4 e6 3. Nd2 c5 4. exd5 exd5 5. Ngf3 a6 6. Be2 Nf6 7. O-O Nc6 8.
Re1 Be7 9. dxc5 O-O 10. Nb3 Ne4 11. Be3 Bf6 12. Nfd4 Ne7 13. c3 Qc7 14. Bd3 g6
15. f3 Ng5 16. Qd2 Ne6 17. Nxe6 fxe6 18. Bf4 e5 19. Bg3 Bg7 20. Rad1 Bf5 21.
Bxf5 Rxf5 22. Kh1 Qc6 23. Bh4 Bf6 24. Bxf6 Qxf6 25. Nc1 Rh5 26. Qf2 Rf8 27. Ne2
Rh4 28. Kg1 Ra4 29. a3 Qg5 30. Ng3 h5 31. Qe3 Qxe3+ 32. Rxe3 h4 33. Nf1 e4 34.
fxe4 dxe4 35. Rde1 Rf4 36. Nd2 Nc6 37. Nxe4 Na5 38. Ng5 Rf5 39. Re8+ Kg7 40.
R1e7+ Kh6 41. Nf7+ Kh5 42. h3 g5 43. Rh8+ Kg6 44. Rh6+ Kg7 45. Nd6+ Kxh6 46.
Nxf5+ Kg6 47. Nd4 Rc4 48. Rc7 Kf6 49. Kf2 Ke5 50. Kf3 Kd5 51. Rg7 Kxc5 52. b4+
Kd6 53. bxa5 Rxc3+ 54. Ke4 Rg3 55. Nf5+ 1-0

[Event "34 Open Internacional Ciudad de San Seba"]
[Site "Donostia-San Sebastian"]
[Date "2011.04.19"]
[Round "4"]
[White "Lisarri Tomas, Antonio"]
[Black "Iglesias Gonzalez, Veronica"]
[Result "0-1"]
[WhiteElo "2032"]
[BlackElo "1785"]
[PlyCount "104"]
[EventDate "2011.04.16"]
[EventRounds "9"]
[EventCountry "ESP"]

1. e4 e5 2. Nf3 d6 3. d4 exd4 4. Nxd4 Nf6 5. Nc3 Be7 6. Be2 a6 7. a4 c5 8. Nb3
Be6 9. O-O Nc6 10. Be3 Nb4 11. Bf3 O-O 12. Nd5 Nfxd5 13. exd5 Bf5 14. c3 Nc2
15. Ra2 Nxe3 16. fxe3 Bf6 17. e4 Bg6 18. Re1 Be5 19. Nd2 f5 20. exf5 Bxf5 21.
Nc4 Bxh2+ 22. Kxh2 Qh4+ 23. Kg1 Qxc4 24. Ra1 Rae8 25. Re6 Qf4 26. Re2 Re5 27.
a5 Rfe8 28. Qd2 Qxd2 29. Rxd2 Be4 30. Ra4 Bxf3 31. gxf3 Rg5+ 32. Kf2 Rh5 33.
Re4 Rxe4 34. fxe4 Kf7 35. Kg3 Kf6 36. Kg4 g6 37. Rf2+ Ke5 38. Rf7 Kxe4 39. Rxb7
Kxd5 40. Rb6 Rh1 41. Rxa6 h5+ 42. Kg3 h4+ 43. Kg2 Ra1 44. b4 cxb4 45. cxb4 g5
46. Rb6 g4 47. a6 Ra2+ 48. Kf1 h3 49. Rb5+ Kc6 50. Rg5 h2 51. b5+ Kb6 52. Rh5
g3 0-1

[Event "34 Open Internacional Ciudad de San Seba"]
[Site "Donostia-San Sebastian"]
[Date "2011.04.20"]
[Round "5"]
[White "Moreno Ruiz, Javier"]
[Black "Venkatesh, M R."]
[Result "1/2-1/2"]
[WhiteElo "2527"]
[BlackElo "2455"]
[PlyCount "69"]
[EventDate "2011.04.16"]
[EventRounds "9"]
[EventCountry "ESP"]

1. d4 Nf6 2. c4 e6 3. Nc3 Bb4 4. e3 O-O 5. Nge2 d5 6. a3 Be7 7. cxd5 exd5 8.
Nf4 a5 9. Bd3 c6 10. O-O Na6 11. f3 Nc7 12. Bc2 b6 13. e4 Ba6 14. Rf2 c5 15. e5
Nfe8 16. Be3 Bg5 17. Qd2 Bxf4 18. Bxf4 cxd4 19. Qxd4 Ne6 20. Qd2 d4 21. Ne4 d3
22. Bb3 Nd4 23. Ba2 Rc8 24. Nc3 Nc7 25. Be3 Nce6 26. Rd1 Nc5 27. Qe1 a4 28.
Rfd2 Ndb3 29. Bxc5 bxc5 30. Bxb3 axb3 31. Qe3 Re8 32. Re1 Qd4 33. f4 f6 34. Rf2
Rcd8 35. Qg3 1/2-1/2

[Event "34 Open Internacional Ciudad de San Seba"]
[Site "Donostia-San Sebastian"]
[Date "2011.04.20"]
[Round "5"]
[White "Tratar, Marko"]
[Black "Korchnoi, Viktor"]
[Result "1/2-1/2"]
[WhiteElo "2482"]
[BlackElo "2557"]
[PlyCount "28"]
[EventDate "2011.04.16"]
[EventRounds "9"]
[EventCountry "ESP"]

1. d4 Nf6 2. Nf3 e6 3. c4 Bb4+ 4. Bd2 a5 5. g3 d5 6. Bg2 dxc4 7. Qc2 Ra6 8.
Qxc4 Rc6 9. Qb5 Bd7 10. O-O Rb6 11. Qd3 Bb5 12. Qe3 Nd5 13. Qe4 Nf6 14. Qe3 Nd5
1/2-1/2

[Event "34 Open Internacional Ciudad de San Seba"]
[Site "Donostia-San Sebastian"]
[Date "2011.04.20"]
[Round "5"]
[White "Narciso Dublan, Marc"]
[Black "Llaneza Vega, Marcos"]
[Result "1-0"]
[WhiteElo "2551"]
[BlackElo "2473"]
[PlyCount "89"]
[EventDate "2011.04.16"]
[EventRounds "9"]
[EventCountry "ESP"]

1. e4 c5 2. Nc3 Nc6 3. g3 g6 4. Bg2 Bg7 5. d3 d6 6. Be3 Rb8 7. Qd2 b5 8. Nge2
b4 9. Nd1 Nf6 10. Bh6 Bxh6 11. Qxh6 Nd4 12. Nxd4 cxd4 13. O-O Qc7 14. c3 bxc3
15. bxc3 dxc3 16. Rc1 c2 17. Ne3 Bd7 18. Rxc2 Qa5 19. Nd5 Nxd5 20. Qg7 Rf8 21.
exd5 Bf5 22. Rfc1 Kd7 23. Qd4 Rfc8 24. Rc6 Qa3 25. Qc4 Kd8 26. Re1 Rb4 27. Qc2
Qb2 28. Qd1 Rcb8 29. Rc2 Qd4 30. Qe2 R8b7 31. Bf1 Rb1 32. Qd2 Rxe1 33. Qxe1 Qb4
34. Qe3 Qb1 35. Rc1 Qxa2 36. Qh6 Qa4 37. Qxh7 Qe8 38. h4 Rc7 39. Rxc7 Kxc7 40.
h5 Kd7 41. h6 Qb8 42. Qxf7 Qb1 43. h7 Qa1 44. d4 Bd3 45. h8=Q 1-0

[Event "34 Open Internacional Ciudad de San Seba"]
[Site "Donostia-San Sebastian"]
[Date "2011.04.20"]
[Round "5"]
[White "Sebenik, Matej"]
[Black "Gonzalez Perez, Arian"]
[Result "1/2-1/2"]
[WhiteElo "2530"]
[BlackElo "2458"]
[PlyCount "121"]
[EventDate "2011.04.16"]
[EventRounds "9"]
[EventCountry "ESP"]

1. Nf3 Nf6 2. c4 g6 3. Nc3 Bg7 4. e4 O-O 5. d4 d6 6. Be2 e5 7. Be3 Ng4 8. Bg5
f6 9. Bh4 Nc6 10. d5 Ne7 11. Nd2 h5 12. h3 Nh6 13. g4 hxg4 14. hxg4 Nf7 15. f3
c5 16. Rb1 Bd7 17. b4 b6 18. a3 Nc8 19. Bd3 Bh6 20. Bc2 Kg7 21. Ba4 Rh8 22.
Bxd7 Qxd7 23. Ke2 Ne7 24. Qa4 Qxa4 25. Nxa4 Bxd2 26. Kxd2 Rh6 27. Bf2 Rxh1 28.
Rxh1 Rh8 29. Rxh8 Nxh8 30. bxc5 dxc5 31. Nxc5 bxc5 32. Bxc5 Nc8 33. Kc3 Kf7 34.
Kb4 Ke8 35. Kb5 Nf7 36. Kc6 Kd8 37. Bb4 Nb6 38. Ba5 Kc8 39. Bxb6 axb6 40. Kxb6
Nd6 41. c5 Nc4+ 42. Kc6 Nxa3 43. Kd6 Nb5+ 44. Ke7 Nd4 45. Kxf6 Nxf3 46. Ke7 Nd4
47. g5 Kc7 48. Kf6 Nb3 49. Kxg6 Nxc5 50. Kf5 Kd6 51. g6 Ke7 52. Kxe5 Nb7 53. g7
Kf7 54. d6 Kxg7 55. Ke6 Kf8 56. Kd7 Kf7 57. e5 Nc5+ 58. Kc6 Nd3 59. d7 Nxe5+
60. Kd6 Nxd7 61. Kxd7 1/2-1/2

[Event "34 Open Internacional Ciudad de San Seba"]
[Site "Donostia-San Sebastian"]
[Date "2011.04.20"]
[Round "5"]
[White "Barria Zuniga, Daniel"]
[Black "Pap, Misa"]
[Result "1/2-1/2"]
[WhiteElo "2438"]
[BlackElo "2496"]
[PlyCount "59"]
[EventDate "2011.04.16"]
[EventRounds "9"]
[EventCountry "ESP"]

1. d4 Nf6 2. c4 c5 3. d5 b5 4. Qc2 bxc4 5. e4 e6 6. Nc3 exd5 7. e5 d4 8. exf6
d5 9. Nxd5 Qxd5 10. Qxc4 Be6 11. Qxd5 Bxd5 12. Nh3 Nd7 13. fxg7 Bxg7 14. Nf4
Bc6 15. f3 O-O 16. Kf2 Rab8 17. Rb1 Nb6 18. b3 Na4 19. Ba3 Rfc8 20. Ba6 Nc3 21.
Bxc8 Rxc8 22. Bxc5 Nxb1 23. Rxb1 Bxf3 24. Bxd4 Bxd4+ 25. Kxf3 Rc2 26. Rd1 Be5
27. Rd5 Bxf4 28. Kxf4 Rxa2 29. Kg3 Rb2 30. Rd3 1/2-1/2

[Event "34 Open Internacional Ciudad de San Seba"]
[Site "Donostia-San Sebastian"]
[Date "2011.04.20"]
[Round "5"]
[White "Franco Alonso, Alejandro"]
[Black "Praveen Kumar, C."]
[Result "1/2-1/2"]
[WhiteElo "2489"]
[BlackElo "2352"]
[PlyCount "125"]
[EventDate "2011.04.16"]
[EventRounds "9"]
[EventCountry "ESP"]

1. Nf3 e6 2. c4 Nf6 3. g3 b6 4. Bg2 Bb7 5. O-O Be7 6. Nc3 O-O 7. Re1 c5 8. e4
d6 9. d4 cxd4 10. Nxd4 Qc8 11. Be3 Nbd7 12. f4 a6 13. Rc1 Re8 14. Bf2 g6 15. b4
Bf8 16. Nb3 Qc7 17. a4 Rac8 18. a5 bxa5 19. Nxa5 Ba8 20. h3 Rb8 21. Nd5 Qd8 22.
Nxf6+ Nxf6 23. Qa4 d5 24. Nc6 Bxc6 25. Qxc6 Nxe4 26. Bxe4 dxe4 27. b5 axb5 28.
cxb5 Qa5 29. b6 e3 30. Bxe3 Rec8 31. Qe4 Bc5 32. Bxc5 Rxc5 33. Rxc5 Qxc5+ 34.
Qe3 Qb4 35. Rc1 Rxb6 36. Rc8+ Kg7 37. Qc3+ Qxc3 38. Rxc3 Rb2 39. Rc7 h5 40. h4
Rd2 41. Kf1 Kf8 42. Ra7 Ke8 43. Kg1 Rd7 44. Ra3 Ke7 45. Kf2 Kf6 46. Ra5 Ke7 47.
Ke3 Rb7 48. Ra3 f6 49. Ra5 Rb3+ 50. Kf2 Rd3 51. Ra7+ Rd7 52. Ra6 Kf7 53. Ra5
Re7 54. Kf3 e5 55. fxe5 Rxe5 56. Ra6 Kg7 57. Ra7+ Kh6 58. Rf7 Rf5+ 59. Kg2 g5
60. hxg5+ Kxg5 61. Rg7+ Kh6 62. Rf7 Kg6 63. Ra7 1/2-1/2

[Event "34 Open Internacional Ciudad de San Seba"]
[Site "Donostia-San Sebastian"]
[Date "2011.04.20"]
[Round "5"]
[White "Alvarez Pedraza, Aramis"]
[Black "Olaizola Ortega, Luis"]
[Result "1-0"]
[WhiteElo "2515"]
[BlackElo "2206"]
[PlyCount "53"]
[EventDate "2011.04.16"]
[EventRounds "9"]
[EventCountry "ESP"]

1. d4 e6 2. c4 d5 3. Nf3 c6 4. Nbd2 Nf6 5. e3 Nbd7 6. b3 Bb4 7. Bd3 Ne4 8. O-O
f5 9. Bb2 O-O 10. Rc1 Qf6 11. Bb1 Bd6 12. h3 g5 13. Nh2 Qg7 14. Nxe4 fxe4 15.
f3 exf3 16. Rxf3 Nf6 17. Ng4 Nxg4 18. Rxf8+ Bxf8 19. Qxg4 Bb4 20. e4 Bd7 21. e5
Ba5 22. cxd5 cxd5 23. Ba3 Bb6 24. Kh1 Rc8 25. Rf1 Re8 26. Qh5 Bd8 27. Bf8 1-0

[Event "34 Open Internacional Ciudad de San Seba"]
[Site "Donostia-San Sebastian"]
[Date "2011.04.20"]
[Round "5"]
[White "Cruz-Lopez Claret, Carlos"]
[Black "San Segundo Carrillo, Pablo"]
[Result "1/2-1/2"]
[WhiteElo "2326"]
[BlackElo "2513"]
[PlyCount "30"]
[EventDate "2011.04.16"]
[EventRounds "9"]
[EventCountry "ESP"]

1. d4 d5 2. c4 c6 3. Nc3 dxc4 4. e4 b5 5. a4 b4 6. Na2 Nf6 7. e5 Nd5 8. Bxc4
Bf5 9. Nf3 e6 10. O-O Be7 11. Bd2 a5 12. Nc1 O-O 13. Qe2 Nd7 14. Nb3 N5b6 15.
Bd3 Bxd3 1/2-1/2

[Event "34 Open Internacional Ciudad de San Seba"]
[Site "Donostia-San Sebastian"]
[Date "2011.04.20"]
[Round "5"]
[White "Elsness, Frode"]
[Black "Argandona Riveiro, Inigo"]
[Result "1-0"]
[WhiteElo "2484"]
[BlackElo "2389"]
[PlyCount "37"]
[EventDate "2011.04.16"]
[EventRounds "9"]
[EventCountry "ESP"]

1. d4 d5 2. c4 e6 3. Nc3 c6 4. e4 dxe4 5. Nxe4 Bb4+ 6. Bd2 Qxd4 7. Bxb4 Qxe4+
8. Be2 Na6 9. Ba5 b6 10. Qd6 Ne7 11. O-O-O f6 12. Qd8+ Kf7 13. Qxh8 bxa5 14.
Rd8 e5 15. Qf8+ Ke6 16. Re8 Kf5 17. g4+ Kg6 18. Rxe7 Qf4+ 19. Kd1 1-0

[Event "34 Open Internacional Ciudad de San Seba"]
[Site "Donostia-San Sebastian"]
[Date "2011.04.20"]
[Round "5"]
[White "Kalegin, Evgenij"]
[Black "Alonso Arburu, Juan Ignacio"]
[Result "1/2-1/2"]
[WhiteElo "2473"]
[BlackElo "2367"]
[PlyCount "146"]
[EventDate "2011.04.16"]
[EventRounds "9"]
[EventCountry "ESP"]

1. e4 e6 2. d4 d5 3. Nc3 Bb4 4. e5 b6 5. a3 Bf8 6. Bb5+ c6 7. Ba4 a5 8. Nce2
Ba6 9. c3 Ne7 10. h4 Nc8 11. Nf3 Bc4 12. O-O b5 13. Bc2 a4 14. Re1 Bxe2 15.
Qxe2 Be7 16. h5 h6 17. Nh2 Kd7 18. Qg4 Qg8 19. f4 g6 20. hxg6 h5 21. Qg3 fxg6
22. Re2 Bd8 23. Qxg6 Qxg6 24. Bxg6 Ne7 25. Bd3 Nf5 26. Bxf5 exf5 27. e6+ Kd6
28. Nf3 Bf6 29. Bd2 Ke7 30. Ne5 Rh6 31. Rf1 Ra7 32. Rf3 Ke8 33. Nf7 Rxf7 34.
exf7+ Kxf7 35. Rfe3 Nd7 36. Kf1 Rh8 37. Re6 Rc8 38. Rd6 Nf8 39. Be1 Rc7 40. Kf2
Rc8 41. Kf3 Rc7 42. Bf2 Rc8 43. Re1 Rc7 44. Rh1 Ke7 45. Rxf6 Kxf6 46. Rxh5 Rh7
47. Bh4+ Ke6 48. Rxh7 Nxh7 49. g4 Nf8 50. Bd8 Ng6 51. g5 Kd7 52. Bf6 Kc7 53.
Be5+ Kb6 54. Ke3 Kb7 55. Kd3 Kb6 56. Kc2 Kb7 57. b3 Ka6 58. Bd6 Kb6 59. Kb2 Ka6
60. Bc7 Kb7 61. Be5 Kb6 62. Kc2 Ka6 63. bxa4 bxa4 64. Kd3 Kb5 65. Bd6 Nh4 66.
c4+ dxc4+ 67. Kc3 Ng6 68. Kd2 Nh4 69. Kc2 Ng6 70. Kc3 Nh4 71. Be5 Ng6 72. Bc7
Nh4 73. Bd6 Ng6 1/2-1/2